| 000 | 00545nam a2200181Ia 4500 | ||
|---|---|---|---|
| 003 | OSt | ||
| 005 | 20250115163322.0 | ||
| 008 | 210210b1937 xxu||||| |||| 00| 0 eng d | ||
| 040 | _cAL | ||
| 041 | _aKannada | ||
| 082 | _a854/248 | ||
| 100 |
_aRAJARATNAM (G P) _9137114 _d ರಾಜರತ್ನಂ ಜಿ ಪಿ |
||
| 245 |
_aDharmasahitya drashti _bಧರ್ಮಸಾಹಿತ್ಯ ದ್ರಷ್ಟಿ |
||
| 260 |
_aBengaluru _bShakya Sahitya Mantapa _c1937 |
||
| 690 |
_aKannada Criticism _9137117 |
||
| 906 | _a020097 | ||
| 942 |
_2ddc _cBK |
||
| 999 |
_c144248 _d144248 |
||